[Event "15th Open"]
[Site "Balaguer ESP"]
[Date "2010.07.23"]
[Round "5"]
[White "Soumya,Sw"]
[Black "Fluvia Poyatos,Joa"]
[Result "1-0"]
[WhiteElo "2281"]
[BlackElo "2499"]

1.e4 c5 2.Nf3 d6 3.d4 cxd4 4.Nxd4 Nf6 5.Nc3 Nc6 6.Bg5 e6 7.Qd2 Be7 8.O-O-O O-O
9.f4 Nxd4 10.Qxd4 Qa5 11.Bc4 b5 12.Bxb5 Rb8 13.Bc4 h6 14.Bh4 e5 15.Qd3 exf4
16.Bb3 Be6 17.Nd5 Nxd5 18.exd5 Bf5 19.Qxf5 Bxh4 20.Kb1 Qc5 21.Qxf4 Rb4 22.Qf5 Re8
23.c3 Rb7 24.Rd4 Bf6 25.Rc4 Qe3 26.Rc8 Rb8 27.Rc7 Qd2 28.Rd1 Re1 29.Rc8+ Bd8
30.Rxe1 Qxe1+ 31.Kc2 Qe2+ 32.Kc1 Qe3+ 33.Kc2 g6 34.Qd7 Qe4+ 35.Kd1 Qd3+ 36.Ke1 Qe3+
37.Kf1 Qd3+ 38.Kf2 Qd2+ 39.Kf3 Qd3+ 40.Kf2 Qd2+ 41.Kf3 Rxc8 42.Qxc8 Qg5 43.Qg4 Qc1
44.Qc8 Qf1+ 45.Ke3 Qf6 46.Kd3 Kg7 47.Qg4 Qf1+ 48.Qe2 Qb1+ 49.Kc4 Bb6 50.h3 Qg1
51.Kd3 Bf2 52.Qf3 Qb1+ 53.Bc2 Qf1+ 54.Kd2 Qe1+ 55.Kd3 h5 56.Kc4 Bb6 57.b4 Qc1
58.Kb3 a5 59.a4 Qd2 60.Qe4 Qf2 61.Bd3 Kf8 62.Qf3 Qxf3 63.gxf3 Ke7 64.Kc4 Kd7
65.Kb5 Bd8 66.Ka6 Kc8 67.Ka7 Bf6 68.b5 Bxc3 69.b6 Bd4 70.Ba6+ Kd8 71.Kb7 g5
72.Kc6 f5 73.b7 Ba7 74.Kxd6 g4 75.fxg4 fxg4 76.hxg4 hxg4 77.Be2 Bb8+ 78.Kc6 g3
79.Bf3 Ba7 80.Bg2 Bb8 81.Kb6 Kd7 82.Kxa5 Kc7 83.Ka6  1-0

[Event "3rd Open"]
[Site "Paleochora GRE"]
[Date "2010.07.23"]
[Round "3"]
[White "Goumas,G"]
[Black "Zinchenko,Ya"]
[Result "0-1"]
[WhiteElo "2298"]
[BlackElo "2544"]

1.e4 c5 2.Nf3 d6 3.d4 cxd4 4.Nxd4 Nf6 5.Nc3 Nc6 6.Bg5 e6 7.Qd2 a6 8.O-O-O Be7
9.f3 Nxd4 10.Qxd4 b5 11.Kb1 Bb7 12.Qd2 b4 13.Ne2 Nxe4 14.fxe4 Bxg5 15.Qxb4 Qc7
16.Qxd6 Rd8  0-1

[Event "21st Czech GM Open"]
[Site "Pardubice CZE"]
[Date "2010.07.24"]
[Round "2"]
[White "Schulz,Je"]
[Black "Pozin,S"]
[Result "1-0"]
[WhiteElo "2156"]
[BlackElo "2414"]

1.e4 c5 2.Nf3 d6 3.d4 cxd4 4.Nxd4 Nf6 5.Nc3 Nc6 6.Bg5 e6 7.Qd2 a6 8.O-O-O Bd7
9.f3 Rc8 10.Kb1 Qc7 11.g4 Be7 12.h4 O-O 13.Be3 b5 14.Nxc6 Bxc6 15.Bd3 b4
16.Ne2 d5 17.g5 Nh5 18.Nd4 Bb7 19.e5 g6 20.f4 a5 21.Rh3 a4 22.Be2 a3 23.Bxh5 axb2
24.Be2 Qa5 25.Nb3 Qa3 26.Bd4 Ra8 27.Bxb2 Qxa2+ 28.Kc1 Rfc8 29.Qd4 Rc3 30.Rxc3 bxc3
31.Bxc3 Ra4 32.Qb6 Ba6 33.Bxa6 Rxa6 34.Qb5 Ra8 35.Kd2 d4 36.Nxd4 Rd8 37.Ra1  1-0

[Event "ch-AUT w"]
[Site "Vienna AUT"]
[Date "2010.07.24"]
[Round "1"]
[White "Schnegg,A"]
[Black "Kopinits,A"]
[Result "0-1"]
[WhiteElo "1893"]
[BlackElo "2187"]

1.e4 c5 2.Nf3 d6 3.d4 cxd4 4.Nxd4 Nf6 5.Nc3 Nc6 6.Bg5 Bd7 7.Be2 Rc8 8.Qd2 Nxd4
9.Qxd4 Qa5 10.Bd2 a6 11.Nd5 Qc5 12.Nxf6+ gxf6 13.Qxc5 Rxc5 14.c4 Rg8 15.Rg1 f5
16.Be3 Ra5 17.Bd3 Bg7 18.Bd2 Bxb2 19.Bxa5 Bxa1 20.exf5 Bd4 21.Be4 b6 22.Bd2 Rg4
23.Bf3 Rg8 24.Be4 Be5 25.g3 b5 26.cxb5 Bxb5 27.Ba5 Bd4 28.Rg2 Kd7 29.f3 Rc8
30.Rc2 Bc4 31.Bb7 Rc5 32.Bb4 Re5+ 33.Kd1 Bb5 34.f4 Re3 35.Bd2 Ra3 36.Bb4 Rd3+
37.Rd2 Rxd2+ 38.Bxd2 Bc4 39.a3 d5 40.Kc2 Kc7 41.Ba8 e6 42.fxe6 fxe6 43.Ba5+ Kd6
44.Bb7 Bg1 45.h3 Bf1 46.a4 h5 47.g4 h4 48.Be1 Kc7 49.Ba8 Bxh3 50.Bxh4 Bxg4
51.Kc3 Be3 52.Bg3 Kb6 53.Kd3 Bc5 54.Be1 Bf5+ 55.Kc3 a5 56.Bh4 Kc7 57.Bf6 Be4
58.Be5+ Kb6 59.Bf6 d4+ 60.Bxd4 Bxa8 61.Be5 Be4 62.Bd4 Bg6 63.Be5  0-1

[Event "Tch-POR 1st Div Final"]
[Site "Vila Nova de Gaia POR"]
[Date "2010.07.24"]
[Round "1.2"]
[White "Garrido Dominguez,J"]
[Black "Damaso,R"]
[Result "1/2-1/2"]
[WhiteElo "2416"]
[BlackElo "2386"]

1.e4 c5 2.Nf3 d6 3.d4 cxd4 4.Nxd4 Nf6 5.Nc3 Nc6 6.Bg5 Qb6 7.Nb3 e6 8.Qd2 Be7
9.f3 O-O 10.O-O-O Rd8 11.Nb5 Rd7 12.Be3 Qd8 13.Qf2 a6 14.Bb6 Qf8 15.Nc3 Bd8
16.Be2 Bxb6 17.Qxb6 Qd8 18.Qxd8+ Rxd8 19.a4 b6 20.Nd4 Bb7 21.Nxc6 Bxc6 22.Rd4 Kf8
23.Rhd1 Ke7 24.g3 g5 25.Rb4 Rdb8 26.Rbd4 Rd8 27.Rb4 Rdb8  1/2-1/2

[Event "3rd Open"]
[Site "Paleochora GRE"]
[Date "2010.07.25"]
[Round "5"]
[White "Iordachescu,V"]
[Black "Sulashvili,M"]
[Result "1/2-1/2"]
[WhiteElo "2623"]
[BlackElo "2498"]

1.e4 c5 2.Nf3 d6 3.d4 cxd4 4.Nxd4 Nf6 5.Nc3 Nc6 6.Bg5 e6 7.Qd2 Qb6 8.Bxf6 gxf6
9.Nb3 Bd7 10.a4 Na5 11.Nxa5 Qxa5 12.Bb5 Bc6 13.Qd4 Be7 14.O-O Rc8 15.Rfe1 a6
16.b4 Qc7 17.Bd3 Bd7 18.Ne2 h5 19.a5 h4 20.c3 Rg8 21.Qe3 e5 22.c4 h3 23.g3 d5
24.c5 d4 25.Qh6 Rg6 26.Qh8+ Bf8 27.Bc4 Bg4 28.Nxd4 exd4 29.e5 Qc6 30.Bf1 f5
31.Ra3 Rh6 32.Qg8 Rg6 33.Qh8 Rh6 34.Qg8 Rg6 35.Qh8  1/2-1/2

[Event "21st Czech GM Open"]
[Site "Pardubice CZE"]
[Date "2010.07.26"]
[Round "4"]
[White "Bures,J"]
[Black "Maximov,D"]
[Result "1-0"]
[WhiteElo "2332"]
[BlackElo "2506"]

1.e4 c5 2.Nf3 d6 3.d4 cxd4 4.Nxd4 Nf6 5.Nc3 Nc6 6.Bg5 Bd7 7.Bxf6 gxf6 8.Nf5 Qa5
9.Bb5 a6 10.Bxc6 bxc6 11.Qd3 Rb8 12.O-O Rg8 13.b4 Qb6 14.Rab1 Bxf5 15.exf5 Bh6
16.Ne2 Kf8 17.Rb3 Kg7 18.Qh3 Qb5 19.Qh5 Kh8 20.Rh3 Rg7 21.Nc3 Qc4 22.Qxh6 Rbg8
23.Re1 Rxg2+ 24.Kh1 R2g7 25.Qh4 Qg4 26.Qxg4 Rxg4 27.a3 d5 28.Nd1 e5 29.fxe6 fxe6
30.Rc3 e5 31.Rxc6 f5 32.Re6 e4 33.Re5 f4 34.Rxd5 Rg2 35.Rf5 f3 36.Re5  1-0

[Event "21st Czech GM Open"]
[Site "Pardubice CZE"]
[Date "2010.07.26"]
[Round "4"]
[White "Koepke,C"]
[Black "Furman,Bo"]
[Result "1-0"]
[WhiteElo "2381"]
[BlackElo "2237"]

1.e4 c5 2.Nf3 Nc6 3.d4 cxd4 4.Nxd4 Nf6 5.Nc3 d6 6.Bg5 e6 7.Qd2 Be7 8.O-O-O O-O
9.f3 Nxd4 10.Qxd4 a6 11.h4 b5 12.Kb1 Qa5 13.Qd2 b4 14.Ne2 e5 15.c4 Be6 16.Ng3 Rfd8
17.Bd3 Qc7 18.Nf1 a5 19.Ne3 Rdb8 20.g4 Qd8 21.Nf5 Bf8 22.Be2 Rc8 23.Nxd6 Bxd6
24.Qxd6 Qxd6 25.Rxd6 Ne8 26.Rd2 Bxc4 27.Bxc4 Rxc4 28.Rd8 Rxd8 29.Bxd8 a4
30.Rc1 Rd4 31.Bb6 Rd6 32.Bc5 Rd7 33.Bxb4 f6 34.Kc2 Nd6 35.Bxd6 Rxd6 36.Rd1 Rc6+
37.Kd2 Rd6+ 38.Ke2 Rb6 39.Rb1 Kf7 40.b4 axb3 41.axb3 Ke6 42.b4 Kd7 43.Kd3 Rd6+
44.Kc4 Rc6+ 45.Kb3 Kc7 46.Rd1 Rb6 47.Rd5 g6 48.Kc4 h5 49.gxh5 gxh5 50.b5 Re6
51.Kc5 Re7 52.b6+ Kb7 53.Rd6 Rf7 54.Re6 Rf8 55.Re7+ Kb8 56.Kc6 Rc8+ 57.Rc7 Re8
58.Rb7+ Kc8 59.Rh7  1-0

[Event "21st Czech GM Open"]
[Site "Pardubice CZE"]
[Date "2010.07.26"]
[Round "4"]
[White "Chiaretti,R"]
[Black "Pozin,S"]
[Result "1-0"]
[WhiteElo "2209"]
[BlackElo "2414"]

1.e4 c5 2.Nf3 d6 3.d4 Nf6 4.Nc3 cxd4 5.Nxd4 Nc6 6.Bg5 e6 7.Qd2 a6 8.O-O-O Bd7
9.f4 Be7 10.Be2 Qc7 11.Bf3 O-O-O 12.Qe2 h6 13.Bh4 g5 14.fxg5 Nh7 15.Kb1 hxg5
16.Bg3 Ne5 17.Nb3 Nf6 18.Qe3 Bc6 19.Rd4 Nh5 20.Bf2 Nf4 21.Rdd1 Bf6 22.Qa7 Qb8
23.Qb6 g4 24.Bg3 gxf3 25.Bxf4 fxg2 26.Rhg1 Qc7 27.Qb4 Rhg8 28.Bg3 Nf3 29.Rxg2 Bxc3
30.bxc3 e5 31.Re2 Rg4 32.Bf2 b5 33.h3 Rf4 34.Bg3 Rf6 35.Nd2 Rg8 36.Bf2 Ng5
37.h4 Nh3 38.Be3 Rg4 39.Rh1 Nf4 40.Bxf4 Rgxf4 41.Rg2 Rh6 42.Rg8+ Kb7 43.h5 f5
44.Rhg1 fxe4 45.R8g7 Bd7 46.Nb3 e3 47.c4 e2 48.Na5+ Kb6 49.Qe1 Rhf6 50.Qxe2 Kxa5
51.R1g3 b4 52.a3 Rxc4 53.Rxd7 Qc5 54.Rdg7 Rcf4 55.Qd2 Qb5 56.Rd3 Rd4 57.Qe2 Rf2
58.Qe1 Rdf4 59.Rg4 Qc6 60.Qxb4+ Rxb4+  1-0

[Event "Open ch-BUL w"]
[Site "Vratsa BUL"]
[Date "2010.07.26"]
[Round "3"]
[White "Sirkova,D"]
[Black "Ivanova,Si"]
[Result "1-0"]
[WhiteElo "2109"]
[BlackElo "1827"]

1.e4 c5 2.Nf3 d6 3.d4 cxd4 4.Nxd4 Nf6 5.Nc3 Nc6 6.Bg5 e6 7.Qd2 a6 8.O-O-O Bd7
9.f4 h6 10.Bxf6 Qxf6 11.Nxc6 Bxc6 12.Kb1 Qd8 13.f5 Qd7 14.fxe6 fxe6 15.Be2 O-O-O
16.Rhf1 Kb8 17.Bh5 Qc7 18.Rf7 Qa5 19.Bg4 Be8 20.Rf2 Bd7 21.Rdf1 Qc5 22.h4 Be7
23.g3 Bf6 24.Ne2 Qe5 25.Qb4 Bb5 26.a4 Bc6 27.Nf4 Rhe8 28.Nh5 Be7 29.Re1 g5
30.Rf7 a5 31.Qb6 Bf8 32.Re3 Rc8 33.Be2 Re7 34.Rf1 Bxa4 35.Bd1 Rec7 36.Ra3 Rc6
37.Qf2 Qxe4 38.Nf6 Qb4 39.Nd7+ Ka8 40.Nxf8 Bxc2+ 41.Ka2 Rb6 42.b3 Bb1+ 43.Kb2 Rbc6
44.Ra4 Qb5 45.Kxb1 Rc1+ 46.Ka2 Qe5 47.Qb2 Qd5 48.Bf3 R1c2 49.Bxd5  1-0

[Event "21st Czech GM Open"]
[Site "Pardubice CZE"]
[Date "2010.07.27"]
[Round "5"]
[White "Feher,Ad"]
[Black "Cvek,R"]
[Result "0-1"]
[WhiteElo "2319"]
[BlackElo "2473"]

1.e4 c5 2.Nf3 Nc6 3.d4 cxd4 4.Nxd4 Nf6 5.Nc3 d6 6.Bg5 Bd7 7.Be2 Nxd4 8.Qxd4 Qa5
9.Bxf6 gxf6 10.O-O Rc8 11.a4 a6 12.Rfd1 Qc5 13.Qd2 e6 14.Qf4 Qg5 15.Qf3 h5
16.Ra3 Rg8 17.g3 h4 18.Rb3 hxg3 19.hxg3 Bc6 20.Nd5 f5 21.Re3 Be7 22.exf5 Bxd5
23.Rxd5 exd5 24.f6 Rc7 25.fxe7 Rxe7 26.Rc3 Kf8 27.Rc8+ Kg7 28.Qc3+ Qe5 29.Rxg8+ Kxg8
30.Qc8+ Re8 31.Qg4+ Qg7 32.Qf3 Qxb2 33.Bd3 Qd4 34.Qf5 Qe5 35.Qd7 Qe7 36.Qf5 Qe6
37.Qh5 Kf8 38.Kg2 Qe5 39.Qh4 d4 40.Qg4 Qd5+ 41.Kh2 Re1 42.f3 Qe6 43.Qh4 Qe3
44.Qf6 Qd2+ 45.Kh3 Rh1+ 46.Kg4 Qh6 47.Qd8+ Kg7 48.Bf5 Qh5+ 49.Kf4 Rf1 50.Be4 Qe5+
51.Kg4 Rh1 52.Bf5 Qf6 53.Qc8 Rb1 54.Qc4 b5 55.axb5 Rxb5 56.Qd3 Rc5 57.f4 a5
58.Be4 Qe6+ 59.f5 Qe5 60.Bf3 Kf6 61.Kh4 Qe3  0-1

[Event "21st Czech GM Open"]
[Site "Pardubice CZE"]
[Date "2010.07.27"]
[Round "5"]
[White "Kuipers,S"]
[Black "Hoffmann,Hen"]
[Result "1/2-1/2"]
[WhiteElo "2354"]
[BlackElo "2209"]

1.e4 c5 2.Nf3 d6 3.d4 cxd4 4.Nxd4 Nf6 5.Nc3 Nc6 6.Bg5 e6 7.Qd2 a6 8.O-O-O Bd7
9.f4 h6 10.Bh4 Nxe4 11.Qe1 Nf6 12.Nf5 Qa5 13.Nxd6+ Bxd6 14.Rxd6 O-O-O 15.Be2 Ne7
16.Bxf6 gxf6 17.Bf3 Bc6 18.Rxd8+ Rxd8 19.Bxc6 Nxc6 20.Qh4 Qf5 21.Rd1 Rxd1+
22.Kxd1 h5 23.Qf2 Kc7 24.g3 Qg4+ 25.Kc1 Qf5 26.a3 Qa5 27.Qe3 Qf5 28.b3 Qh3
29.Qd2 Qf1+ 30.Kb2 Qf3 31.Na4 e5 32.Nc5 Nd4 33.Nd3 Nc6 34.Nc5 Nd4 35.fxe5 fxe5
36.Qa5+ Kc8 37.Nd3 Nc6 38.Qb6 Qd5 39.Qc5 Qe6 40.Nb4 f5 41.Nxc6 bxc6 42.Qb6 e4
43.Qxa6+ Kc7 44.Qa7+ Kd6 45.Qe3 Qe5+ 46.c3 h4 47.Qd4+ Ke6 48.Qxe5+ Kxe5 49.Kc2 f4
50.gxh4 f3 51.Kd2 Kf4 52.h5 e3+ 53.Kd3 e2 54.Kd2 Kg5 55.h6 Kxh6 56.a4 Kg5
57.a5 Kg4 58.a6 Kh3 59.a7 f2 60.Kxe2 Kg2 61.a8=Q f1=Q+ 62.Kd2 Qf2+ 63.Kd3 Qf5+
64.Kd2 Qf2+ 65.Kc1 Qe1+ 66.Kb2 Qd2+ 67.Kb1 Qd1+ 68.Kb2 Qd2+ 69.Ka3 Qxc3 70.Qg8+ Kxh2
71.Qc4 Qa5+ 72.Kb2 Qe5+ 73.Qc3 Qd5 74.b4 Kg2 75.Ka3 Kf2 76.Kb2  1/2-1/2

[Event "IM"]
[Site "Szombathely HUN"]
[Date "2010.07.27"]
[Round "1"]
[White "Tesik,C"]
[Black "Banas,J"]
[Result "1-0"]
[WhiteElo "2249"]
[BlackElo "2312"]

1.e4 c5 2.Nf3 d6 3.d4 cxd4 4.Nxd4 Nf6 5.Nc3 Nc6 6.Bg5 e6 7.Qd2 a6 8.O-O-O Bd7
9.f4 h6 10.Bxf6 Qxf6 11.Nf3 Qd8 12.g4 Qc7 13.Kb1 O-O-O 14.Bd3 Kb8 15.h4 g6
16.h5 Bg7 17.hxg6 fxg6 18.g5 h5 19.Nh4 Ne7 20.Ne2 Qb6 21.c3 Bc6 22.Rhf1 Rhg8
23.Bc2 Bb5 24.Rf3 Bxe2 25.Qxe2 Rc8 26.Bb3 d5 27.Rfd3 Qc7 28.exd5 exd5 29.Bxd5 Nxd5
30.Rxd5 Qxf4 31.Nxg6 Qf7 32.Ne7 Rge8 33.Rd7 Bf8 34.Qe4 Rc7 35.Qe5 Qc4 36.Nc6+ Qxc6
37.Qxe8+ Rc8 38.Qxh5 Qe4+ 39.Ka1 Be7 40.g6 Bf6 41.Qd5  1-0

[Event "21st Czech GM Open"]
[Site "Pardubice CZE"]
[Date "2010.07.28"]
[Round "6"]
[White "Litwak,A"]
[Black "Krejci,Jan2"]
[Result "0-1"]
[WhiteElo "2280"]
[BlackElo "2463"]

1.e4 c5 2.Nf3 d6 3.d4 cxd4 4.Nxd4 Nf6 5.Nc3 Nc6 6.Bg5 e6 7.Qd2 a6 8.O-O-O Bd7
9.f4 h6 10.Bh4 g5 11.fxg5 Ng4 12.Nxc6 Bxc6 13.Be2 Ne5 14.Kb1 Be7 15.Bg3 hxg5
16.Rhf1 Qb6 17.Qd4 Qxd4 18.Rxd4 Ng6 19.Bg4 Rd8 20.Rd2 Ne5 21.Be2 g4 22.a3 Rh6
23.Rdd1 Bf6 24.Rxf6 Rxf6 25.Rxd6 Rxd6 26.Bxe5 Ke7 27.Bxf6+ Kxf6 28.Bxg4 Ke5
29.Bf3 f5 30.exf5 Bxf3 31.gxf3 exf5 32.Na4 Kf4 33.Nc5 b5 34.b4 Kxf3 35.Kb2 Ke3  0-1

[Event "21st Czech GM Open"]
[Site "Pardubice CZE"]
[Date "2010.07.28"]
[Round "6"]
[White "Ganor,D"]
[Black "Hoffmann,Hen"]
[Result "0-1"]
[WhiteElo "2342"]
[BlackElo "2209"]

1.e4 c5 2.Nf3 d6 3.d4 cxd4 4.Nxd4 Nf6 5.Nc3 Nc6 6.Bg5 e6 7.Bb5 Qb6 8.Be3 Qc7
9.Nb3 Bd7 10.Qd2 Be7 11.Be2 a6 12.g4 h6 13.f4 Na5 14.Nxa5 Qxa5 15.Bf3 Bc6
16.h4 O-O-O 17.g5 hxg5 18.hxg5 Rxh1+ 19.Bxh1 Ng4 20.Bg1 f5 21.Bf3 e5 22.Bxg4 fxg4
23.f5 d5 24.exd5 Bxd5 25.Nxd5 Qxd2+ 26.Kxd2 Rxd5+ 27.Ke2 Bxg5 28.Be3 Bxe3
29.Kxe3 Rd4 30.Rh1 g3 31.Kf3 Rf4+ 32.Kxg3 Rxf5 33.Rh7 Rf7 34.Rh5 Re7 35.Kf3 e4+
36.Ke3 Kd7 37.Rg5 Ke6 38.c4 Kf6 39.Rg2 g5 40.b4 Kf5 41.Rf2+ Kg4 42.Rg2+ Kh4
43.Rg1 g4 44.Kf4 Rf7+ 45.Kxe4 g3 46.Kd5 Kh3 47.a4 Rf4 48.b5 a5 49.Kc5 Rf6
50.Kd5 Rf5+ 51.Kd6 b6 52.Kc6 Rf6+ 53.Kb7 Kh2 54.Rd1 g2 55.Ka6 g1=Q 56.Rxg1 Kxg1
57.c5 bxc5+ 58.Kxa5 Rf4 59.b6 Rb4 60.Ka6 c4  0-1

[Event "ch-CRC"]
[Site "San Jose CRC"]
[Date "2010.07.28"]
[Round "3"]
[White "Duran Vega,S"]
[Black "Duran Vega,A"]
[Result "1-0"]
[WhiteElo "2156"]
[BlackElo "1993"]

1.e4 c5 2.Nf3 d6 3.Nc3 Nc6 4.d4 cxd4 5.Nxd4 Nf6 6.Bg5 e5 7.Nb3 Be7 8.Qd2 h6
9.Bh4 O-O 10.Bg3 Be6 11.O-O-O a5 12.Kb1 Bxb3 13.axb3 Nd4 14.f4 Nh5 15.Nd5 Nxg3
16.hxg3 a4 17.c3 axb3 18.Nxe7+ Kh7 19.Bd3 Nc2 20.Bxc2 bxc2+ 21.Kxc2 Qxe7
22.Qxd6 Qe8 23.Ra1 exf4 24.Qxf4 Rxa1 25.Rxa1 Qc6 26.Ra5 Kg8 27.Rd5 Qa4+ 28.Kb1 Ra8
29.Rd4 Qa1+ 30.Kc2 Qe1 31.Rd1 Qe2+ 32.Rd2 Qc4 33.e5 Qc6 34.g4 Re8 35.Re2 f6
36.e6 Rxe6 37.Rxe6 Qxe6 38.Qb8+ Kh7 39.Qxb7 Qe2+ 40.Kb3 Qxg4 41.Qd5 Qg3 42.Qe4+ Kh8
43.Qe8+ Kh7 44.Qe4+ Kh8 45.Ka4 Qc7 46.Qe8+ Kh7 47.Qe4+ Kh8 48.c4 Qa7+ 49.Kb4 Qb6+
50.Kc3 Qa5+ 51.Kc2 f5 52.Qe8+ Kh7 53.Qb5 Qc7 54.Qxf5+ g6 55.Qd5 Qe7 56.c5 Qe2+
57.Kc3 Qe3+ 58.Kb4 Qe1+ 59.Kb5 Qe2+ 60.Kc6 Qxb2 61.Qf7+ Kh8 62.Qxg6 Qe2 63.Qxh6+ Kg8
64.Qg6+ Kh8 65.Kd7 Qb5+ 66.Qc6 Qd3+ 67.Qd6 Qf5+ 68.Kc7 Qf7+ 69.Qd7 Qf4+ 70.Kc8  1-0

[Event "21st Czech GM Open"]
[Site "Pardubice CZE"]
[Date "2010.07.29"]
[Round "7"]
[White "Klovans,J"]
[Black "Panarin,M"]
[Result "1/2-1/2"]
[WhiteElo "2444"]
[BlackElo "2531"]

1.e4 c5 2.Nf3 Nc6 3.d4 cxd4 4.Nxd4 Nf6 5.Nc3 d6 6.Bg5 e6 7.Qd2 a6 8.O-O-O h6
9.Be3 Be7 10.h3 Nxd4 11.Qxd4 b5 12.e5 dxe5 13.Qxe5 Qa5 14.Be2 Bb7 15.Bf3 Bxf3
16.gxf3 Rc8 17.Rhg1 Rg8 18.Bf4 Qb6 19.Qe2 Qc6 20.Be5 b4  1/2-1/2

[Event "Open"]
[Site "Szombathely HUN"]
[Date "2010.07.29"]
[Round "3"]
[White "Joo,G"]
[Black "Jaklin,D"]
[Result "1/2-1/2"]
[WhiteElo "2113"]
[BlackElo "2021"]

1.e4 c5 2.Nf3 d6 3.d4 cxd4 4.Nxd4 Nf6 5.Nc3 Nc6 6.Bg5 e6 7.Qd2 Be7 8.O-O-O Nxd4
9.Qxd4 O-O 10.f3 Qa5 11.Be3 Rd8 12.Qd2 Bd7 13.Kb1 Bc6 14.Nd5 Qxd2 15.Nxe7+ Kf8
16.Bxd2 Kxe7 17.Bb4 e5 18.Be2 a5 19.Ba3 b5 20.b3 Ke6 21.c4 b4 22.Bb2 Nd7
23.Rd2 Nc5 24.Rhd1 a4 25.Kc2 axb3+ 26.axb3 Ra2 27.g3 g6 28.Bf1 f5 29.Bh3 Ke7
30.exf5 gxf5 31.Bxf5 Bxf3 32.Re1 h6 33.Re3 Bc6 34.Kd1 Ne6 35.Bxe6 Kxe6 36.c5 e4
37.Rf2 d5 38.Rf6+ Ke7 39.Rxc6 Rxb2 40.Rxh6 Ra8 41.Kc1 Rf2 42.Kb1 Raa2 43.Rd6 Rfc2
44.Rxd5 Rab2+  1/2-1/2

[Event "IM"]
[Site "Szombathely HUN"]
[Date "2010.07.30"]
[Round "4"]
[White "Nagy,Ga1"]
[Black "Majeric,Z"]
[Result "0-1"]
[WhiteElo "2367"]
[BlackElo "2267"]

1.e4 c5 2.Nf3 Nc6 3.d4 cxd4 4.Nxd4 Nf6 5.Nc3 d6 6.Bg5 Bd7 7.Qd2 Rc8 8.Nb3 a6
9.O-O-O b5 10.Qe1 e6 11.f4 Qc7 12.Bd3 Be7 13.Kb1 b4 14.Ne2 a5 15.Nbd4 Nxd4
16.Nxd4 Qc5 17.Nb3 Qb6 18.e5 dxe5 19.fxe5 Nd5 20.Bxe7 Nxe7 21.Nd2 O-O 22.Nc4 Qc5
23.Nd6 Rc7 24.Qg3 Bc6 25.h4 Bd5 26.h5 a4 27.h6 g6 28.Nb5 Rd7 29.Qg5 f6 30.Qh4 fxe5
31.Rhf1 Nf5 32.Qh2 Bc6 33.g4 Bxb5 34.gxf5 Bxd3 35.cxd3 exf5 36.Rfe1 Rd5 37.Rc1 Qd6
38.Qc2 Rd8 39.Qxa4 Rxd3 40.Qa7 Qf8 41.Rxe5 Qxh6 42.Qe7 Rd1 43.Rc5 Qf8 44.Qe6+ Qf7
45.Qe5 Rxc1+ 46.Rxc1 Qd7 47.Qf6 Qd6 48.Qh4 f4 49.Qg4 Qe5 50.Qf3 Qd4 51.Qb3+ Kg7
52.Qe6 Rd7 53.Qg4 Qd3+ 54.Ka1 Rf7 55.Rd1 Qe3 56.Rh1 h5 57.Qg5 Qe7 58.Qd5 f3
59.Qd4+ Kh7 60.Qd3 Rf5 61.Rd1 Qe2 62.Qd7+ Kh6 63.Qd4 f2 64.Qh8+ Kg5 65.Qd8+ Kg4
66.Rd4+ Kf3 67.Qa8+ Kg3 68.Qb8+ Qe5 69.Rd3+ Kh2 70.Qd8 f1=Q+ 71.Rd1 Qee1
72.Qh4+ Qxh4  0-1

[Event "Tch-POR 1st Div Final"]
[Site "Vila Nova de Gaia POR"]
[Date "2010.07.30"]
[Round "7.3"]
[White "Suarez Real,A"]
[Black "Andrade,Le"]
[Result "1/2-1/2"]
[WhiteElo "2395"]
[BlackElo "2238"]

1.e4 c5 2.Nf3 d6 3.d4 cxd4 4.Nxd4 Nf6 5.Nc3 Nc6 6.Bg5 Qb6 7.Nb3 e6 8.Bxf6 gxf6
9.Qd2 a6 10.O-O-O Bd7 11.f4 Be7 12.Be2 O-O-O 13.Bh5 Rhf8 14.Rhf1 Na5 15.Nxa5 Qxa5
16.f5 Bc6 17.Bg4 Rg8 18.h3 e5 19.Kb1 Kb8 20.Rf3 d5 21.Nxd5 Qxd2 22.Rxd2 Bxd5
23.exd5 Bc5 24.Rf1 e4 25.c4 Rge8 26.Re2 b5 27.b3 Kc7 28.Rf4 bxc4 29.bxc4 e3
30.Rf1 Re4 31.Rc1 Kd6 32.Rc3 a5 33.Rec2 a4 34.Kc1 Rb8 35.Be2 Bb4 36.c5+ Ke5
37.Rd3 Bd2+ 38.Rdxd2 exd2+ 39.Rxd2 Rd4 40.Bf3 Rc4+ 41.Rc2 Kd4 42.c6 Rxc2+
43.Kxc2 Kc5 44.Kc3 a3 45.c7 Rc8 46.Kb3 Rxc7 47.Kxa3 Rb7 48.Ka4 Kc4 49.Ka5 Kc5
50.Ka4 Rb6 51.a3 Rb2 52.Ka5 Rb8 53.Ka4 Kc4 54.Ka5 Kc5 55.Ka4 Rb5 56.Be4 Rb2
57.Bf3 Rb6 58.Ka5 Rb8 59.Ka4 Ra8+ 60.Kb3 Rb8+ 61.Kc3 Re8 62.a4 Re3+ 63.Kd2 Ra3
64.Ke2 Rxa4 65.Kf2 Kd6 66.Kg3 Ke5 67.Bh5 Ra7 68.Bf3 Ra3 69.Kg4 Ra4+ 70.Kh5 Kxf5
71.Kh6 Rh4+ 72.Kg7 Ke5 73.Kxf7 Ra4 74.Kg7 Ra7+ 75.Kh6 Rd7 76.Kh5 f5 77.Kg5 Rd6
78.h4 Rg6+ 79.Kh5 Kd6 80.g4 fxg4 81.Bxg4 Kxd5 82.Bf5 Rg1 83.Bxh7 Ke5 84.Kh6 Kf6
85.h5 Ra1 86.Bg6 Ra8 87.Kh7 Kg5 88.Kg7 Ra7+ 89.Bf7 Ra6 90.Be8 Re6 91.Bf7 Re7
92.h6 Rxf7+ 93.Kxf7 Kxh6  1/2-1/2

[Event "Brunei Inv IM2"]
[Site "Bandar Seri Begawan BRU"]
[Date "2010.07.31"]
[Round "2"]
[White "Hj,Azahari Md Aliuddin"]
[Black "Leong,V"]
[Result "1-0"]
[WhiteElo "2049"]
[BlackElo "2340"]

1.e4 c5 2.Nf3 Nc6 3.d4 cxd4 4.Nxd4 Nf6 5.Nc3 d6 6.Bg5 Qb6 7.Nb3 Ng4 8.Qd2 Be6
9.h3 Nge5 10.Be3 Qd8 11.f4 Nc4 12.Bxc4 Bxc4 13.Kf2 g6 14.Rhe1 Bg7 15.Rad1 O-O
16.Nd4 Qa5 17.b3 Nxd4 18.Bxd4 e5 19.fxe5 dxe5 20.Be3 Be6 21.Nd5 Qxd2+ 22.Rxd2 Bxd5
23.exd5 Rfd8 24.c4 Rd7 25.Ree2 f5 26.g3 Bf6 27.h4 Kg7 28.Rd1 h6 29.Bc1 g5
30.hxg5 hxg5 31.Rh1 Rh8 32.Rxh8 Kxh8 33.Bb2 Kg8 34.Bxe5 Bd8 35.Kf3 Rh7 36.Bd4 Kf7
37.Bxa7 b6 38.Bb8 Rh1 39.Be5 Kg6 40.Bd4 Rd1 41.Re6+ Kf7 42.Bxb6 Bf6 43.Re2 Kg6
44.Bc7 Bd4 45.Rc2 Re1 46.d6 Re3+ 47.Kg2 Be5 48.b4 Rxg3+ 49.Kf2 g4 50.Re2 Rf3+
51.Kg2 Rg3+ 52.Kf1 Bd4 53.Re6+ Kf7 54.d7 Rf3+ 55.Ke2 Kxe6 56.d8=Q  1-0

[Event "21st Czech GM Open"]
[Site "Pardubice CZE"]
[Date "2010.07.31"]
[Round "9"]
[White "Kravtsiv,M"]
[Black "Adhiban,B"]
[Result "1-0"]
[WhiteElo "2559"]
[BlackElo "2483"]

1.e4 c5 2.Nf3 d6 3.d4 cxd4 4.Nxd4 Nf6 5.Nc3 Nc6 6.Bg5 e6 7.Qd2 a6 8.O-O-O h6
9.Be3 Be7 10.f4 Bd7 11.Kb1 b5 12.Bd3 Rb8 13.Ka1 Qc7 14.Rhe1 Na5 15.e5 b4
16.exf6 bxc3 17.fxg7 cxb2+ 18.Kb1 Rg8 19.f5 e5 20.Nb3 Nxb3 21.cxb3 Rxg7 22.Bxh6 Rg4
23.h3 Rgb4 24.Bg7 Rd4 25.g4 Rc8 26.Qxb2 Qa5 27.Bc2 Rd2 28.Rxd2 Qxd2 29.Rd1 Qg5
30.f6 Bxf6 31.Bxf6 Qxf6 32.Qc1 Rc3 33.Qd2 Rxh3 34.g5 Qe7 35.g6 Be6 36.Qg2 fxg6
37.Bxg6+ Kd8 38.Qa8+ Kd7 39.Rc1 Qg5 40.Qe8+  1-0

[Event "ch-AUT w"]
[Site "Vienna AUT"]
[Date "2010.07.31"]
[Round "8"]
[White "Schnegg,A"]
[Black "Novkovic,J"]
[Result "1/2-1/2"]
[WhiteElo "1893"]
[BlackElo "2157"]

1.e4 c5 2.Nf3 Nc6 3.d4 cxd4 4.Nxd4 Nf6 5.Nc3 d6 6.Bg5 Bd7 7.Qd2 Nxd4 8.Qxd4 Qa5
9.Bd2 e5 10.Qd3 Qc5 11.Be3 Qa5 12.O-O-O Rc8 13.f3 a6 14.Kb1 Be6 15.Nd5 Nxd5
16.exd5 Bd7 17.Bd2 Qc7 18.c4 Be7 19.Be2 O-O 20.g4 f5 21.h3 Bh4 22.Qc2 b5
23.b3 bxc4 24.Qxc4 Qxc4 25.Bxc4 Ra8 26.Bd3 a5 27.Rc1 Bd8 28.Rhf1 Bb6 29.gxf5 Bxf5
30.Bxf5 Rxf5 31.f4 exf4 32.Rxf4 Rxd5 33.Rc2 Rd3 34.h4 Bd4 35.Kc1 Re8 36.Rf1 Bc5
37.Bxa5 Ra8 38.Bc3 Rh3 39.Be1 Rd3 40.Bc3 Rh3 41.Be1 Rb8 42.Rc3 Rxc3+ 43.Bxc3 d5
44.Rd1 Rd8 45.Bd4 Be7 46.Bf2 Kf7 47.a4 Bb4 48.Bb6 Rc8+ 49.Kb1 Ke6 50.Rc1 Rb8
51.Bc7 Ra8 52.Kb2 d4 53.Bb6 Bc3+ 54.Kc2 Ke5 55.Kd3 Kd5 56.Rg1 Rb8 57.Rg5+ Ke6
58.Bxd4 Bxd4 59.Kxd4 Rxb3 60.Rxg7 Rb4+ 61.Kc5 Rxa4  1/2-1/2

[Event "Tch-POR 1st Div Final"]
[Site "Vila Nova de Gaia POR"]
[Date "2010.07.31"]
[Round "8.6"]
[White "Naranjo Moreno,A"]
[Black "Damaso,R"]
[Result "1/2-1/2"]
[WhiteElo "2290"]
[BlackElo "2386"]

1.e4 c5 2.Nf3 d6 3.d4 cxd4 4.Nxd4 Nf6 5.Nc3 Nc6 6.Bg5 Qb6 7.Nb3 e6 8.Qd2 Be7
9.O-O-O O-O 10.f3 Rd8 11.Nb5 Rd7 12.Be3 Qd8 13.Qf2 d5 14.Nxa7 dxe4 15.Bb5 Qe8
16.Nxc8 Qxc8 17.a3 exf3 18.gxf3 Rxd1+ 19.Rxd1 Qc7 20.Qg3 Qe5 21.Qxe5 Nxe5
22.Bc5 Kf8 23.Be2 Nd5 24.Bd4 Nc6 25.Bc5 Ne5 26.Bd4 Nc6 27.Bc5 Ne5  1/2-1/2

[Event "ch-AUT w"]
[Site "Vienna AUT"]
[Date "2010.08.01"]
[Round "9"]
[White "Schink,B"]
[Black "Schnegg,A"]
[Result "1/2-1/2"]
[WhiteElo "2052"]
[BlackElo "1893"]

1.e4 c5 2.Nf3 Nc6 3.d4 cxd4 4.Nxd4 Nf6 5.Nc3 d6 6.Bg5 Bd7 7.Qd2 Nxd4 8.Qxd4 Qa5
9.Bd2 e5 10.Qd3 Qc5 11.Be3 Qa5 12.Bd2 Qc5 13.Be3 Qa5 14.Bd2 Qc5  1/2-1/2

[Event "19th Open"]
[Site "Kavala GRE"]
[Date "2010.08.03"]
[Round "5"]
[White "Grover,S"]
[Black "Hess,Ro"]
[Result "0-1"]
[WhiteElo "2411"]
[BlackElo "2588"]

1.e4 c5 2.Nf3 d6 3.d4 cxd4 4.Nxd4 Nf6 5.Nc3 Nc6 6.Bg5 e6 7.Qd2 a6 8.O-O-O h6
9.Bf4 Bd7 10.Nxc6 Bxc6 11.Bxd6 Qxd6 12.Qxd6 Bxd6 13.Rxd6 Bxe4 14.f3 Bc6 15.Bc4 Ke7
16.Rd2 Rac8 17.Bb3 g5 18.Ne2 Bd5 19.Bxd5 Nxd5 20.Nd4 Rhd8 21.Re1 Kf6 22.c3 Rc7
23.Nc2 Rcd7 24.Red1 Ke7 25.c4 Nf6 26.Ne3 Rc8 27.Kc2 Rdc7 28.b3 b5 29.Kb2 bxc4
30.Nxc4 Nd5 31.Rd4 a5 32.a4 Rc5 33.h4 Rg8 34.R1d2 Rb8 35.Rc2 Rb4 36.hxg5 hxg5
37.Rcd2 Rb8 38.Na3 Rc3 39.Nb5 Re3 40.Rc4 Kf6 41.Rc6 Nb4 42.Rcd6 Rc8 43.Rd7 Kg6
44.Na3 Rcc3 45.Nb5 Rxb3+ 46.Kc1 Nd3+ 47.Kc2 Nc5 48.Ra7 Nxa4 49.Rxa5 Rb2+
50.Kd1 Rb4 51.Nd6 Rb1+ 52.Kc2 Ra1  0-1